[Event "Gibraltar Challengers-B"]
[Site "Gibraltar"]
[Date "2009.02.05"]
[Round "5"]
[White "Wiltshire, Richard"]
[Black "Livesey, R Nigel"]
[Result "1-0"]
[WhiteElo "2068"]
[BlackElo "1744"]
[PlyCount "95"]
[EventDate "2009.02.01"]
[EventType "swiss"]
[EventRounds "5"]
[EventCountry "ENG"]
[SourceTitle "EXT 2012"]
[Source "ChessBase"]
[SourceDate "2011.11.24"]
[SourceVersion "1"]
[SourceVersionDate "2011.11.24"]
[SourceQuality "1"]

1. d4 g6 2. c4 Bg7 3. Nc3 d6 4. e4 a6 5. Be3 Nd7 6. f3 c6 7. Nge2 b5 8. cxb5 cxb5 9. Qd2 Bb7 10. Ng3 Rc8 11. Be2 Nb6 12. b3 Nf6 13. 0-0 0-0 14. Rfc1 Nbd7 15. Nd1 Re8 16. Nf2 e5 17. d5 Rxc1+ 18. Rxc1 Qb8 19. Nd3 Rc8 20. Nb2 Rxc1+ 21. Qxc1 Qc8 22. Qd2 Nc5 23. b4 Ncd7 24. a4 bxa4 25. Nxa4 Bf8 26. Bd3 Be7 27. Ne2 Bf8 28. Kf2 Be7 29. Nec3 Ne8 30. Nb1 Nc7 31. Na3 Ne8 32. Qe2 Bf8 33. Nc4 Be7 34. Na5 Bd8 35. Nc4 Kg7 36. Qb2 f6 37. Ke2 Qb8 38. Qd2 Qc8 39. Bf2 Qb8 40. Qe3 Qc8 41. Kd2 Qb8 42. Qa7 Qxa7 43. Bxa7 Kf7 44. Kc3 Ke7 45. Na5 Bxa5 46. bxa5 Nc7 47. h4 Kf7 48. g4 1-0

[Event "Gibraltar Challengers-B"]
[Site "Gibraltar"]
[Date "2009.02.03"]
[Round "3"]
[White "Viera Falcon, Cristo"]
[Black "Wiltshire, Richard"]
[Result "0-1"]
[WhiteElo "1790"]
[BlackElo "2068"]
[PlyCount "84"]
[EventDate "2009.02.01"]
[EventType "swiss"]
[EventRounds "5"]
[EventCountry "ENG"]
[SourceTitle "EXT 2012"]
[Source "ChessBase"]
[SourceDate "2011.11.24"]
[SourceVersion "1"]
[SourceVersionDate "2011.11.24"]
[SourceQuality "1"]

1. d4 f5 2. c4 g6 3. Nc3 Bg7 4. Nf3 Nf6 5. g3 d6 6. Bg2 0-0 7. 0-0 c6 8. Qc2 Qc7 9. Bf4 Nh5 10. Bd2 e6 11. Rfe1 Nd7 12. e4 Rb8 13. exf5 exf5 14. Re7 Bf6 15. Re2 Nb6 16. b3 Bd7 17. c5 dxc5 18. dxc5 Na8 19. Rae1 Rbd8 20. Nd1 Be8 21. Bh6 Ng7 22. Bf4 Qc8 23. Bd6 Bf7 24. Bxf8 Kxf8 25. Ne3 Nc7 26. Nc4 Nb5 27. a4 Nd4 28. Nxd4 Bxd4 29. Nd6 Qc7 30. Qd2 Bxc5 31. Qc3 Qxd6 32. Qc2 Bb4 33. Rc1 Qd3 34. Qb2 Qxb3 35. Qf6 Rd1+ 36. Rxd1 Qxd1+ 37. Bf1 Qd6 38. Qh4 c5 39. Qxh7 Bc4 40. Qh8+ Kf7 41. Re8 Bxf1 42. Rf8+ Qxf8 0-1

[Event "Hawick op"]
[Site "Hawick"]
[Date "2007.06.23"]
[Round "3"]
[White "Wiltshire, Richard"]
[Black "Barnes, Stephen P"]
[Result "1-0"]
[WhiteElo "1946"]
[BlackElo "1704"]
[PlyCount "91"]
[EventDate "2007.06.22"]
[EventType "swiss"]
[EventRounds "5"]
[EventCountry "SCO"]
[SourceTitle "EXT 2023"]
[Source "ChessBase"]
[SourceDate "2022.10.05"]
[SourceVersion "1"]
[SourceVersionDate "2022.10.05"]
[SourceQuality "1"]

1. e4 Nc6 2. Nf3 f5 3. exf5 d5 4. d4 Bxf5 5. Bd3 Bg4 6. Be2 Nf6 7. 0-0 Qd7 8. Re1 0-0-0 9. Ng5 e5 10. Bxg4 Nxg4 11. h3 Nxf2 12. Kxf2 Qf5+ 13. Kg1 Nxd4 14. Rf1 Qxc2 15. Qg4+ Kb8 16. Nc3 Bc5 17. Kh1 Rhf8 18. Be3 Qd3 19. Rxf8 Rxf8 20. Bxd4 Rf1+ 21. Rxf1 Qxf1+ 22. Kh2 Bxd4 23. Nf3 Bxc3 24. bxc3 e4 25. Qxg7 a6 26. Qh8+ Ka7 27. Qd4+ b6 28. Nd2 Qf4+ 29. g3 Qd6 30. a4 Kb7 31. Nf1 b5 32. axb5 axb5 33. Ne3 c6 34. Qg7+ Kb6 35. Qd4+ Kb7 36. h4 Qe6 37. Kg2 Qf7 38. Qd1 Kb6 39. g4 Qf4 40. Qe2 Qf6 41. Qf2 Qxf2+ 42. Kxf2 Kc5 43. g5 b4 44. cxb4+ Kxb4 45. h5 d4 46. g6 1-0

[Event "Dundee & Angus op"]
[Site "Dundee"]
[Date "2007.??.??"]
[Round "5"]
[White "Wiltshire, Richard"]
[Black "Hawthorne, Blair"]
[Result "1-0"]
[WhiteElo "1975"]
[BlackElo "1668"]
[PlyCount "111"]
[EventDate "2007.10.19"]
[EventType "swiss"]
[EventRounds "5"]
[EventCountry "SCO"]
[SourceTitle "EXT 2017"]
[Source "ChessBase"]
[SourceDate "2016.10.25"]
[SourceVersion "1"]
[SourceVersionDate "2016.10.25"]
[SourceQuality "1"]

1. e4 g6 2. d4 Bg7 3. Nf3 d6 4. Be3 Nd7 5. c4 e5 6. Nc3 Ne7 7. Be2 exd4 8. Bxd4 0-0 9. Bxg7 Kxg7 10. 0-0 Nc6 11. Nd4 Nxd4 12. Qxd4+ Qf6 13. Qxf6+ Nxf6 14. Bf3 Bg4 15. Bxg4 Nxg4 16. Nd5 c6 17. Nc3 Rae8 18. Rfd1 Re6 19. Rd2 f5 20. f3 Ne3 21. b3 fxe4 22. Nxe4 Rd8 23. Nc5 Re7 24. Re1 Kf7 25. Nxb7 Rxb7 26. Rxe3 a5 27. Rd4 a4 28. Rf4+ Kg7 29. Rd4 Kf7 30. Kf2 axb3 31. axb3 h5 32. h4 Ra7 33. Rd2 Ra5 34. Rde2 d5 35. Re7+ Kf8 36. R7e6 dxc4 37. bxc4 Rc5 38. Rf6+ Kg7 39. Ree6 Rxc4 40. Rxg6+ Kf7 41. Ref6+ Ke7 42. Rxc6 Rxh4 43. Rc7+ Kf8 44. Rh7 Rd2+ 45. Kg3 Rh1 46. Rg5 Rg1 47. Kh2 Rf1 48. Rf5+ Kg8 49. Rhxh5 Kg7 50. Rhg5+ Kh6 51. Rg4 Rff2 52. Rf8 Kh7 53. Kh3 Ra2 54. Rg3 Ra4 55. Re8 Raa2 56. Re4 1-0

[Event "Hawick op"]
[Site "Hawick"]
[Date "2005.06.26"]
[Round "4"]
[White "Wiltshire, Richard"]
[Black "Brechin, Hugh R"]
[Result "1-0"]
[WhiteElo "1988"]
[BlackElo "1624"]
[PlyCount "37"]
[EventDate "2005.06.24"]
[EventType "swiss"]
[EventRounds "5"]
[EventCountry "SCO"]
[SourceTitle "EXT 2023"]
[Source "ChessBase"]
[SourceDate "2022.10.05"]
[SourceVersion "1"]
[SourceVersionDate "2022.10.05"]
[SourceQuality "1"]

1. e4 d5 2. exd5 Nf6 3. d4 Bg4 4. Bb5+ Bd7 5. Bxd7+ Qxd7 6. c4 c6 7. dxc6 Nxc6 8. Nf3 0-0-0 9. Be3 Ng4 10. 0-0 Nxe3 11. fxe3 Qe6 12. Qc1 Nb4 13. Nc3 Nd3 14. Qd2 Qxc4 15. Rfd1 Nb4 16. Rac1 Qa6 17. Nd5+ Nc6 18. Nb4 Qb6 19. Ne5 1-0

[Event "Hawick op"]
[Site "Hawick"]
[Date "2005.06.25"]
[Round "3"]
[White "Eggleston, David"]
[Black "Wiltshire, Richard"]
[Result "1-0"]
[WhiteElo "2138"]
[BlackElo "1988"]
[PlyCount "71"]
[EventDate "2005.06.24"]
[EventType "swiss"]
[EventRounds "5"]
[EventCountry "SCO"]
[SourceTitle "EXT 2023"]
[Source "ChessBase"]
[SourceDate "2022.10.05"]
[SourceVersion "1"]
[SourceVersionDate "2022.10.05"]
[SourceQuality "1"]

1. e4 d5 2. Nc3 Nf6 3. exd5 Nxd5 4. Bc4 e6 5. Nge2 Be7 6. d4 b6 7. 0-0 Bb7 8. Nf4 Nxf4 9. Bxf4 0-0 10. d5 exd5 11. Nxd5 Bd6 12. Bxd6 Qxd6 13. Re1 Nc6 14. Ne7+ Nxe7 15. Qxd6 cxd6 16. Rxe7 d5 17. Bb3 Bc6 18. Rd1 Rfd8 19. Rc7 Rd6 20. Re1 Bd7 21. Re7 Be6 22. Rxa7 Rad8 23. Ra6 g6 24. Ra4 Bd7 25. Rd4 Kf8 26. Re1 Be6 27. Red1 Ke7 28. f3 h5 29. Kf2 R8d7 30. h4 Rd8 31. g4 hxg4 32. fxg4 Rh8 33. Kg3 Rc8 34. c3 Ra8 35. a3 Ra5 36. Bxd5 1-0

[Event "West of Scotland Premier"]
[Site "Scotland"]
[Date "2005.05.20"]
[Round "1"]
[White "Wiltshire, Richard"]
[Black "Mannion, Stephen R"]
[Result "0-1"]
[WhiteElo "2091"]
[BlackElo "2329"]
[PlyCount "106"]
[EventDate "2005.05.23"]
[EventType "swiss"]
[EventRounds "5"]
[EventCountry "SCO"]
[SourceTitle "EXT 2007"]
[Source "ChessBase"]
[SourceDate "2006.11.23"]
[SourceVersion "1"]
[SourceVersionDate "2006.11.23"]
[SourceQuality "1"]

1. e4 e5 2. Nf3 Nc6 3. Bc4 Bc5 4. 0-0 Nf6 5. d3 d6 6. Be3 0-0 7. c3 Bb6 8. b4 Ne7 9. a4 c6 10. Bxb6 Qxb6 11. a5 Qc7 12. Nbd2 Ng6 13. Re1 Nf4 14. Qc2 Bg4 15. h3 Bh5 16. Nh4 d5 17. exd5 cxd5 18. Bb3 Be2 19. d4 Bd3 20. Qd1 e4 21. Rc1 Rac8 22. Nf5 Qd7 23. Ne3 Rc7 24. Ba4 Qc8 25. Nb1 Bxb1 26. Rxb1 Rxc3 27. Bb5 Nd3 28. Re2 Nxb4 29. Reb2 Nd3 30. Bxd3 Rxd3 31. Qa4 Qc3 32. Rxb7 Rxd4 33. Qb5 Rd2 34. Rb8 g6 35. Rxf8+ Kxf8 36. Qb8+ Kg7 37. Qd6 Rb2 38. Rxb2 Qxb2 39. Nxd5 Qa1+ 40. Kh2 Qd4 41. Qxf6+ Qxf6 42. Nxf6 Kxf6 43. Kg1 Ke5 44. Kf1 Kd4 45. Ke2 a6 46. Kd2 f5 47. g3 g5 48. Ke2 f4 49. h4 f3+ 50. Ke1 gxh4 51. gxh4 h5 52. Kd2 e3+ 53. fxe3+ Ke4 0-1

[Event "West of Scotland-ch"]
[Site "Clarkston"]
[Date "2004.05.29"]
[Round "3"]
[White "Wiltshire, Richard"]
[Black "Campbell, Duncan AF"]
[Result "1/2-1/2"]
[WhiteElo "2008"]
[BlackElo "1738"]
[PlyCount "190"]
[EventDate "2004.05.28"]
[EventType "swiss"]
[EventRounds "5"]
[EventCountry "SCO"]
[SourceTitle "EXT 2006"]
[Source "ChessBase"]
[SourceDate "2005.11.24"]
[SourceVersion "1"]
[SourceVersionDate "2005.11.24"]
[SourceQuality "1"]

1. e4 e6 2. d4 d5 3. Nd2 Nf6 4. e5 Nfd7 5. Ngf3 c5 6. c4 Nc6 7. cxd5 exd5 8. Bd3 cxd4 9. 0-0 Nc5 10. Nb3 Bg4 11. Be2 Be7 12. Nbxd4 0-0 13. Bf4 Ne6 14. Be3 h6 15. Nxc6 bxc6 16. h3 Bh5 17. Qc2 Qd7 18. Rfd1 Rfd8 19. Rac1 Rac8 20. Qa4 Bg5 21. Bxg5 hxg5 22. Nd4 Bxe2 23. Nxe2 Qc7 24. Nd4 Nxd4 25. Qxd4 Qb6 26. Rc5 Re8 27. b4 a6 28. Rxd5 Qxd4 29. R5xd4 Rxe5 30. Rd8+ Re8 31. R8d7 c5 32. bxc5 Rxc5 33. R7d6 Ra5 34. R6d2 Ra3 35. Kf1 Kf8 36. Rc1 Rb8 37. g3 f6 38. Rc7 Re8 39. Rdd7 Rxa2 40. Rf7+ Kg8 41. Rxg7+ Kh8 42. Rgf7 a5 43. Rxf6 a4 44. Rh6+ Kg8 45. Rg6+ Kh8 46. Rxg5 a3 47. Rc4 Re7 48. Rh4+ Rh7 49. Ra4 Rxh3 50. Kg2 Rh6 51. Ra8+ Kh7 52. Rag8 Rf6 53. R5g7+ Kh6 54. Kh3 Raxf2 55. Rg4 Kh7 56. R8g7+ Kh8 57. Ra7 Rh6+ 58. Rh4 Rxh4+ 59. Kxh4 a2 60. Kg5 Rb2 61. g4 Kg8 62. Kg6 Rb6+ 63. Kh5 Rb5+ 64. g5 Rb2 65. Kh6 Rc2 66. Ra8+ Kf7 67. g6+ Kf6 68. Rf8+ Ke7 69. Rf7+ Ke8 70. Ra7 Rh2+ 71. Kg7 Rg2 72. Ra3 Re2 73. Kg8 Ke7 74. g7 Ke8 75. Ra6 Ke7 76. Ra7+ Ke8 77. Kh7 Rh2+ 78. Kg6 Rg2+ 79. Kf6 Rf2+ 80. Ke5 Rg2 81. Kf6 Rf2+ 82. Kg6 Rg2+ 83. Kh7 Rh2+ 84. Kg8 Rg2 85. Ra6 Ke7 86. Ra5 Ke8 87. Kh7 Rh2+ 88. Kg6 Rg2+ 89. Kf6 Rf2+ 90. Ke6 Re2+ 91. Kf5 Rg2 92. Rxa2 Rxg7 93. Ra8+ Kf7 94. Ra7+ Kg8 95. Ra8+ Kh7 1/2-1/2

[Event "Grangemouth op"]
[Site "Grangemouth"]
[Date "2003.09.??"]
[Round "2"]
[White "Pritchett, Craig William"]
[Black "Wiltshire, Richard"]
[Result "1-0"]
[WhiteElo "2312"]
[BlackElo "2008"]
[PlyCount "83"]
[EventDate "2003.09.??"]
[EventType "swiss"]
[EventRounds "5"]
[EventCountry "SCO"]
[SourceTitle "EXT 2006"]
[Source "ChessBase"]
[SourceDate "2005.11.24"]
[SourceVersion "1"]
[SourceVersionDate "2005.11.24"]
[SourceQuality "1"]

1. c4 e5 2. Nc3 Nf6 3. e3 c6 4. Nf3 e4 5. Nd4 d5 6. cxd5 cxd5 7. d3 exd3 8. Bxd3 Be7 9. 0-0 0-0 10. b3 Nc6 11. Nxc6 bxc6 12. Bb2 Be6 13. Rc1 c5 14. Na4 Nd7 15. Qc2 g6 16. e4 Rc8 17. exd5 Bxd5 18. Bc4 Bxc4 19. Qxc4 Nb6 20. Qc3 f6 21. Rfd1 Qc7 22. Qh3 Rcd8 23. Qe6+ Kg7 24. Rxd8 Rxd8 25. Nxb6 axb6 26. Re1 Rd7 27. g4 h6 28. h4 Bd8 29. g5 hxg5 30. hxg5 Rf7 31. Qh3 Qd7 32. Qh6+ Kg8 33. Qxg6+ Kf8 34. gxf6 Qd2 35. Kf1 Qd7 36. Qh6+ Kg8 37. Qg6+ Kf8 38. Be5 Qh3+ 39. Kg1 Bxf6 40. Bxf6 Qd7 41. Qh6+ Kg8 42. Qh8# 1-0

[Event "Grangemouth op"]
[Site "Grangemouth"]
[Date "2003.09.??"]
[Round "3"]
[White "Wiltshire, Richard"]
[Black "Wallace, D."]
[Result "1-0"]
[WhiteElo "2008"]
[BlackElo "1914"]
[PlyCount "69"]
[EventDate "2003.09.??"]
[EventType "swiss"]
[EventRounds "5"]
[EventCountry "SCO"]
[SourceTitle "EXT 2006"]
[Source "ChessBase"]
[SourceDate "2005.11.24"]
[SourceVersion "1"]
[SourceVersionDate "2005.11.24"]
[SourceQuality "1"]

1. e4 c6 2. d4 d5 3. e5 Bf5 4. Nf3 e6 5. Be2 c5 6. 0-0 Nc6 7. c3 cxd4 8. cxd4 Qb6 9. Nc3 Be7 10. a3 Rc8 11. Na4 Qc7 12. b4 Kf8 13. Be3 Nh6 14. Rc1 Qd7 15. Nc5 Bxc5 16. bxc5 Ng4 17. Bf4 Nh6 18. Qd2 Ng8 19. h3 h6 20. Bd3 Bxd3 21. Qxd3 g5 22. Be3 Nge7 23. Rb1 Nf5 24. Nh2 Na5 25. Ng4 Nc4 26. Nf6 Qc6 27. g4 Nh4 28. f4 gxf4 29. Bxf4 b6 30. Bg3 Ng6 31. cxb6 axb6 32. Nh5 Ke7 33. Rf6 Rh7 34. Rbf1 Ke8 35. Rxg6 1-0

[Event "Glasgow op"]
[Site "Glasgow"]
[Date "2003.??.??"]
[Round "3"]
[White "Tweedie, Chris"]
[Black "Wiltshire, Richard"]
[Result "1/2-1/2"]
[WhiteElo "1870"]
[BlackElo "2005"]
[PlyCount "62"]
[EventDate "2003.??.??"]
[EventType "swiss"]
[EventRounds "5"]
[EventCountry "SCO"]
[SourceTitle "EXT 2007"]
[Source "ChessBase"]
[SourceDate "2006.11.23"]
[SourceVersion "1"]
[SourceVersionDate "2006.11.23"]
[SourceQuality "1"]

1. e4 d5 2. exd5 Qxd5 3. Nc3 Qa5 4. d4 e5 5. dxe5 Bb4 6. Bd2 Nc6 7. f4 Nh6 8. Bd3 Bf5 9. Bxf5 Nxf5 10. a3 Bxc3 11. Bxc3 Qa4 12. Qd3 Qxf4 13. Ne2 Qg5 14. Bd2 Qh4+ 15. g3 Qh3 16. 0-0-0 Rd8 17. Qb5 0-0 18. Nf4 Qg4 19. e6 Nfd4 20. exf7+ Rxf7 21. Qc4 Ne5 22. Qa4 b5 23. Qxa7 Qf5 24. Qc5 Rd6 25. Kb1 Rfd7 26. Rhe1 Ndf3 27. Nd3 Nxe1 28. Rxe1 Rd5 29. Qb4 Rxd3 30. cxd3 Qxd3+ 31. Ka1 Qxd2 1/2-1/2

[Event "Hawick op"]
[Site "Hawick"]
[Date "2002.06.??"]
[Round "1"]
[White "Mannion, Stephen R"]
[Black "Wiltshire, Richard"]
[Result "1-0"]
[WhiteElo "2410"]
[BlackElo "1965"]
[PlyCount "65"]
[EventDate "2002.06.23"]
[EventType "swiss"]
[EventRounds "5"]
[EventCountry "SCO"]
[SourceTitle "EXT 2004"]
[Source "ChessBase"]
[SourceDate "2003.11.25"]
[SourceVersion "1"]
[SourceVersionDate "2003.11.25"]
[SourceQuality "1"]

1. e4 d5 2. exd5 Qxd5 3. Nc3 Qa5 4. d4 e5 5. dxe5 Bb4 6. Nf3 Nc6 7. Bd2 Bg4 8. Bb5 Nge7 9. a3 Bxc3 10. Bxc6+ Nxc6 11. Bxc3 Qc5 12. 0-0 0-0 13. Re1 Rfe8 14. h3 Bh5 15. Qe2 Rad8 16. g4 Bg6 17. Rad1 a5 18. Rxd8 Nxd8 19. Nd4 b6 20. f4 f6 21. Kh2 fxe5 22. fxe5 Ne6 23. Nf5 h6 24. Qe3 Qc4 25. Kg3 Kh7 26. Qf3 Ng5 27. Qe2 Qd5 28. h4 Ne6 29. h5 Bf7 30. Rd1 Qb7 31. Rd7 Bg8 32. Nd6 Qd5 33. Nf7 1-0

[Event "West of Scotland-ch"]
[Site "Clarkston"]
[Date "2002.05.25"]
[Round "2"]
[White "MacDonald, Christopher"]
[Black "Wiltshire, Richard"]
[Result "1/2-1/2"]
[WhiteElo "1735"]
[BlackElo "1965"]
[PlyCount "118"]
[EventDate "2002.05.??"]
[EventType "swiss"]
[EventRounds "5"]
[EventCountry "SCO"]
[SourceTitle "EXT 2004"]
[Source "ChessBase"]
[SourceDate "2003.11.25"]
[SourceVersion "1"]
[SourceVersionDate "2003.11.25"]
[SourceQuality "1"]

1. c4 e5 2. g3 Nf6 3. Bg2 c6 4. d4 e4 5. Nc3 d5 6. cxd5 cxd5 7. Nh3 Nc6 8. 0-0 Be7 9. a3 0-0 10. Bf4 Qb6 11. b4 Be6 12. e3 h6 13. Be5 Nd7 14. Nf4 Ndxe5 15. dxe5 Nxe5 16. Ncxd5 Bxd5 17. Nxd5 Qd6 18. Nxe7+ Qxe7 19. Bxe4 Rfd8 20. Qb3 Rd2 21. Rad1 Rad8 22. Rxd2 Rxd2 23. Qc3 Rd8 24. Bxb7 Qf6 25. Rc1 Qf5 26. Qc2 Qh5 27. f4 Ng4 28. Bf3 Qh3 29. Bxg4 Qxg4 30. Kg2 Qe6 31. e4 Qa6 32. a4 Qb6 33. Qc5 Rd2+ 34. Kg1 Qg6 35. Qc8+ Kh7 36. Qf5 Rd4 37. Qxg6+ Kxg6 38. Rc6+ Kh5 39. e5 Rxb4 40. Ra6 Kg4 41. Kf2 Rb7 42. a5 Kf5 43. Ke3 Rd7 44. Rc6 h5 45. h3 Rb7 46. Kd4 h4 47. Rc3 Rd7+ 48. Ke3 hxg3 49. Kf3 g2 50. Kxg2 Kxf4 51. Rc5 Ke4 52. Rb5 Re7 53. a6 Rxe5 54. Rb7 Rg5+ 55. Kf2 Rf5+ 56. Ke2 Kd5 57. Rxa7 Ke6 58. Rb7 Ra5 59. a7 Ra3 1/2-1/2

[Event "Grangemouth op"]
[Site "Grangemouth"]
[Date "2000.??.??"]
[Round "1"]
[White "Wiltshire, Richard"]
[Black "Robertson, Ian C"]
[Result "0-1"]
[WhiteElo "2120"]
[BlackElo "2202"]
[PlyCount "92"]
[EventDate "2000.??.??"]
[EventType "swiss"]
[EventRounds "5"]
[EventCountry "SCO"]
[SourceTitle "EXT 2002"]
[Source "ChessBase"]
[SourceDate "2001.11.25"]
[SourceVersion "1"]
[SourceVersionDate "2001.11.25"]
[SourceQuality "1"]

1. e4 e5 2. Nf3 d6 3. d4 exd4 4. Nxd4 g6 5. Bc4 Bg7 6. 0-0 Nc6 7. Nxc6 bxc6 8. Nc3 Ne7 9. Bg5 0-0 10. Qd2 Be6 11. Bxe6 fxe6 12. Rfd1 Qe8 13. Bh6 Bxh6 14. Qxh6 Qf7 15. f3 c5 16. Rab1 Nc6 17. Qd2 Rab8 18. a3 Qg7 19. b3 g5 20. Ne2 Qg6 21. Qe3 Rf7 22. Rf1 a5 23. Rbe1 Rbf8 24. c3 Rb8 25. Rb1 Ne5 26. c4 Rff8 27. Nc3 Qg7 28. Nb5 Nc6 29. Qe2 Rf7 30. Qe3 Rbf8 31. Rbd1 Rf4 32. g3 R4f7 33. Rd2 a4 34. bxa4 Ne5 35. Rdf2 Nxc4 36. Qb3 d5 37. exd5 exd5 38. Nc3 c6 39. Ne2 Nd2 40. Qd1 Nxf1 41. Qxf1 Qe5 42. f4 Qe3 43. Kg2 Qe4+ 44. Kg1 Rb8 45. Nc3 Qe3 46. Ne2 Rfb7 0-1

[Event "West of Scotland-ch"]
[Site "Clarkston"]
[Date "1999.05.29"]
[Round "3"]
[White "Hopper, Paul"]
[Black "Wiltshire, Richard"]
[Result "1/2-1/2"]
[WhiteElo "2174"]
[BlackElo "2120"]
[PlyCount "102"]
[EventDate "1999.05.??"]
[EventType "swiss"]
[EventRounds "5"]
[EventCountry "SCO"]
[SourceTitle "EXT 2004"]
[Source "ChessBase"]
[SourceDate "2003.11.25"]
[SourceVersion "1"]
[SourceVersionDate "2003.11.25"]
[SourceQuality "1"]

1. e4 d5 2. exd5 Nf6 3. Nf3 Nxd5 4. d4 Bg4 5. Be2 e6 6. 0-0 Nc6 7. c4 Nb6 8. Nc3 Be7 9. d5 exd5 10. cxd5 Nb4 11. Qd4 Bxf3 12. Bxf3 0-0 13. Qd1 Bf6 14. Qb3 Nd3 15. Rd1 Nxc1 16. Raxc1 Be5 17. g3 Qf6 18. Bg2 h5 19. Rc2 h4 20. Nb5 hxg3 21. hxg3 Qf5 22. Nxc7 Rac8 23. d6 Rfd8 24. Rcd2 Bxd6 25. Nb5 Be7 26. Rxd8+ Rxd8 27. Rxd8+ Bxd8 28. Bxb7 a5 29. Nc3 Qd7 30. Be4 Qe7 31. Kg2 Qb4 32. Qd1 Bf6 33. Qc2 g6 34. Nd5 Nxd5 35. Bxd5 Kg7 36. Qc7 Qe7 37. Qxe7 Bxe7 38. Kf3 Bf6 39. b3 Bb2 40. Ke4 f5+ 41. Kd3 Kf6 42. Kc4 g5 43. f3 Ke5 44. g4 fxg4 45. fxg4 Ba3 46. Bb7 Bb4 47. Kb5 Kd4 48. a3 Bxa3 49. Kxa5 Kc5 50. Be4 Bb4+ 51. Ka4 Bc3 1/2-1/2